000
00326nam a22001457a 4500
008
260316b |||||||| |||| 00| 0 eng d
020
_a
9789388194587
040
_a
02
100
_a
BOTHARA,K.G.
245
_a
PHARMACEUTICALORGANIC CHEMISTRY-II
250
_a
10TH
260
_b
NIRALI
_c
2025
300
_a
6.5
942
_c
01
999
_c
67266
_d
67266